Who won the state of New York in every US Presidential Election? - Statistics

General Stats
  • This quiz has been taken 12 times
  • The average score is 51 of 60
Answer Stats
Hint Answer Political Party Who Won the State % Correct
2008 Barack Obama Democratic
100%
2012 Barack Obama Democratic
100%
1992 Bill Clinton Democratic
100%
1996 Bill Clinton Democratic
100%
1812 DeWitt Clinton Federalist
100%
1932 Franklin D. Roosevelt Democratic
100%
1936 Franklin D. Roosevelt Democratic
100%
1940 Franklin D. Roosevelt Democratic
100%
1944 Franklin D. Roosevelt Democratic
100%
1792 George Washington Independent
100%
2016 Hillary Clinton Democratic
100%
2020 Joe Biden Democratic
100%
1960 John F. Kennedy Democratic
100%
2024 Kamala Harris Democratic
100%
1980 Ronald Reagan Republican
100%
1984 Ronald Reagan Republican
100%
1904 Theodore Roosevelt Republican
100%
1860 Abraham Lincoln Republican
91%
1864 Abraham Lincoln National Union (Republican-War Democrats-Unconditional Union)
91%
2000 Al Gore Democratic
91%
1828 Andrew Jackson Democratic (Nullifier)
91%
1832 Andrew Jackson Democratic
91%
1924 Calvin Coolidge Republican
91%
1952 Dwight D. Eisenhower Republican
91%
1956 Dwight D. Eisenhower Republican
91%
1884 Grover Cleveland Democratic
91%
1892 Grover Cleveland Democratic
91%
1816 James Monroe Democratic-Republican
91%
1820 James Monroe Democratic-Republican
91%
1976 Jimmy Carter Democratic
91%
1796 John Adams Federalist
91%
1824 John Quincy Adams Democratic-Republican (Anti-Jacksonian) (10 Faithless Electors)
91%
1964 Lyndon B. Johnson Democratic
91%
1788 N/A No One Won (Put N/A)
91%
1972 Richard Nixon Republican
91%
1800 Thomas Jefferson Democratic-Republican
91%
1804 Thomas Jefferson Democratic-Republican
91%
1920 Warren G. Harding Republican
91%
1908 William Howard Taft Republican
91%
1912 Woodrow Wilson Democratic
91%
1928 Herbert Hoover Republican
82%
1808 James Madison Democratic-Republican (6 Faithless Electors)
82%
2004 John Kerry Democratic
82%
1872 Ulysses S. Grant Republican
82%
1896 William McKinley Republican
82%
1900 William McKinley Republican
82%
1844 James K. Polk Democratic
73%
1836 Martin Van Buren Democratic
73%
1988 Michael Dukakis Democratic
73%
1948 Thomas E. Dewey Republican
73%
1848 Zachary Taylor Whig (Know-Nothings)
73%
1888 Benjamin Harrison Republican
64%
1968 Hubert Humphrey Democratic
64%
1840 William Henry Harrison Whig (Anti-Masonic)
64%
1852 Franklin Pierce Democratic
55%
1880 James A. Garfield Republican
55%
1856 John C. Fremont Republican (North American)
55%
1876 Samuel J. Tilden Democratic
55%
1916 Charles Evans Hughes Republican
45%
1868 Horatio Seymour Democratic
45%
No matching quizzes found
Score Distribution
Percent of People with Each Score
Percentile by Number Answered
Your Score History
You have not taken this quiz